Your Health Care and how to Manage it. (Record no. 496)

000 -LEADER
fixed length control field 00590nam a22002057a 4500
003 - CONTROL NUMBER IDENTIFIER
control field OSt
005 - DATE AND TIME OF LATEST TRANSACTION
control field 20210420064422.0
008 - FIXED-LENGTH DATA ELEMENTS--GENERAL INFORMATION
fixed length control field 201127s1975 ||||| |||| 00| 0 eng d
040 ## - CATALOGING SOURCE
Original cataloging agency eng
Language of cataloging eng
Transcribing agency DLC
041 ## - LANGUAGE CODE
Language code of text/sound track or separate title eng
080 ## - UNIVERSAL DECIMAL CLASSIFICATION NUMBER
Universal Decimal Classification number 614
Item number W-39
100 ## - MAIN ENTRY--PERSONAL NAME
9 (RLIN) 382
Personal name Weed,L.Lawrence
245 ## - TITLE STATEMENT
Title Your Health Care and how to Manage it.
260 ## - PUBLICATION, DISTRIBUTION, ETC.
Place of publication, distribution, etc. Vermont
Name of publisher, distributor, etc. PROMIS Laboratory University of Vermont Burlington
Date of publication, distribution, etc. 1975
300 ## - PHYSICAL DESCRIPTION
Extent 194 p.
365 ## - TRADE PRICE
Price amount 3.80 usd
650 #0 - SUBJECT ADDED ENTRY--TOPICAL TERM
9 (RLIN) 337
Topical term or geographic name entry element Public Health
653 ## - INDEX TERM--UNCONTROLLED
Uncontrolled term საზოგადოებრივი ჯანდაცვა
942 ## - ADDED ENTRY ELEMENTS (KOHA)
Source of classification or shelving scheme
Koha item type Books
Holdings
Withdrawn status Lost status Source of classification or shelving scheme Damaged status Not for loan Permanent location Current location Date acquired Inventory number Total Checkouts Full call number Barcode Date last seen Price effective from Koha item type
          Ken Walker International University Ken Walker International University 11/27/2020 883   614 W-39 883 11/27/2020 11/27/2020 Books

Powered by Koha